000
00275nam a22001217a 4500
008
190205b xxu||||| |||| 00| 0 eng d
041
_a
eng
080
_a
316
100
_a
50
101
_a
SOC
245
_a
The Church as a Social Institution
_c
Moberg, D.O
942
_2
udc
_c
BK
999
_c
53984
_d
53984